[Event "Swiss Queens Wed #47"]
[Site "FIDE Online Arena INT"]
[Date "2024.12.18"]
[Round "3"]
[White "Nurgaliyeva, Zarina"]
[Black "Garifullina, Leya"]
[Result "0-1"]
[WhiteElo "2263"]
[BlackElo "2451"]
[PlyCount "122"]
[EventDate "2024.12.18"]
[EventType "swiss (blitz)"]
[EventRounds "11"]
[EventCountry "NET"]
[SourceTitle "CB52_2024"]
[SourceDate "2024.12.25"]
[SourceVersion "1"]
[SourceVersionDate "2024.12.25"]
[SourceQuality "1"]

1. e4 c5 2. Nf3 d6 3. Bb5+ Nd7 4. d4 cxd4 5. Qxd4 a6 6. Bxd7+ Bxd7 7. 0-0 Nf6 8. Bg5 e6 9. c4 Bc6 10. Nc3 Be7 11. Rfd1 0-0 12. a4 h6 13. Bh4 Qa5 14. b3 Rfe8 15. Rab1 Qh5 16. Bg3 Red8 17. b4 Qg6 18. Re1 Nh5 19. Bh4 Bxh4 20. Nxh4 Qf6 21. Qxf6 Nxf6 22. b5 axb5 23. axb5 Be8 24. Ra1 Kf8 25. Nf3 Nd7 26. g3 Nb6 27. Nd2 Ke7 28. Rec1 Rdc8 29. Kf1 Rxa1 30. Rxa1 Nxc4 31. Ndb1 Nd2+ 32. Nxd2 Rxc3 33. b6 Bc6 34. Ra8 Rc2 35. Ke1 Rb2 36. Nc4 Rb4 37. Na5 Rxb6 38. Nxc6+ Rxc6 39. Rb8 Rb6 40. Kd2 Rb2+ 41. Ke3 h5 42. h4 g6 43. Rc8 Rb3+ 44. Ke2 b5 45. Rc7+ Kf6 46. Rd7 Rb4 47. f3 Rb2+ 48. Ke3 Rg2 49. Rxd6 Rxg3 50. Rb6 Rh3 51. Rxb5 Rxh4 52. Rb7 Rh1 53. Kf4 g5+ 54. Kg3 Rf1 55. Rc7 Rd1 56. Rb7 Rd2 57. e5+ Kg6 58. f4 Rd3+ 59. Kf2 gxf4 60. Rc7 Re3 61. Kg2 Rxe5 0-1

[Event "Qatar Masters op-A"]
[Site "Doha"]
[Date "2024.12.11"]
[Round "8"]
[White "Maghsoodloo, Parham"]
[Black "Garifullina, Leya"]
[Result "1/2-1/2"]
[WhiteElo "2703"]
[BlackElo "2451"]
[PlyCount "63"]
[EventDate "2024.12.03"]
[EventType "swiss"]
[EventRounds "9"]
[EventCountry "QAT"]
[SourceTitle "CB51_2024"]
[SourceDate "2024.12.18"]
[SourceVersion "1"]
[SourceVersionDate "2024.12.18"]
[SourceQuality "1"]

1. Nf3 d5 2. g3 Bg4 3. Bg2 e6 4. 0-0 Nf6 5. h3 Bh5 6. c4 c6 7. d4 Nbd7 8. cxd5 exd5 9. Nc3 Bd6 10. Qb3 Qb6 11. Nh4 Bg6 12. Qd1 0-0 13. a3 Rfe8 14. Nxg6 hxg6 15. Qd3 a5 16. Rd1 a4 17. Bg5 Nh7 18. h4 Nxg5 19. hxg5 Nf8 20. e3 Re7 21. Rd2 Rae8 22. Nxa4 Qa5 23. Nc3 Nh7 24. Qe2 Nxg5 25. Qg4 Nh7 26. Rc1 Re6 27. Rdc2 f5 28. Qh3 Ng5 29. Qh4 Nf7 30. Qh3 Ng5 31. Qh4 Nf7 32. Qh3 1/2-1/2

[Event "Qatar Masters op-A"]
[Site "Doha"]
[Date "2024.12.10"]
[Round "7"]
[White "Garifullina, Leya"]
[Black "Aradhya, Garg"]
[Result "1-0"]
[WhiteElo "2451"]
[BlackElo "2365"]
[PlyCount "57"]
[EventDate "2024.12.03"]
[EventType "swiss"]
[EventRounds "9"]
[EventCountry "QAT"]
[SourceTitle "CB51_2024"]
[SourceDate "2024.12.18"]
[SourceVersion "1"]
[SourceVersionDate "2024.12.18"]
[SourceQuality "1"]

1. e4 e5 2. Nf3 Nc6 3. Bb5 a6 4. Ba4 Nf6 5. 0-0 Nxe4 6. d4 Be7 7. Re1 b5 8. Rxe4 d5 9. Nxe5 Nxe5 10. Rxe5 bxa4 11. Qe2 Be6 12. f4 Kf8 13. f5 Bd7 14. Nc3 f6 15. Re3 Bxf5 16. Qf3 Bd7 17. Nxd5 Bc6 18. c4 Bb4 19. Re6 Bxd5 20. cxd5 Qd7 21. Bf4 Re8 22. Rc6 Bd6 23. Bxd6+ cxd6 24. Rac1 h5 25. h3 Qf7 26. Rc8 Kg8 27. Qe4 Kf8 28. Rxe8+ Qxe8 29. Qxe8+ 1-0